Pokémon - Les attaques de Phanpy - Statistiques

Statistiques générales
  • Ce quiz a été pris 18 fois
  • Le résultat moyen est 7 sur 13
Statistiques - réponses
Niveaux Types Noms des attaques % Correct
Départ Normal Charge
100%
Départ Normal Rugissement
100%
Niveau 28 Normal Bélier
89%
Niveau 10 Roche Roulade
89%
Niveau 33 Fée Charme
78%
Départ Normal Boul'Armure
67%
Niveau 42 Normal Damoclès
67%
Niveau 6 Normal Fléau
44%
Niveau 24 Normal Souplesse
44%
Niveau 19 Normal Ténacité
44%
Niveau 15 Normal Don Naturel
11%
Départ Normal Flair
11%
Niveau 37 Normal Dernier Recours
0%
Aucun quiz correspondant
Distribution des résultats
% des personnes avec chaque résultat
Percentile par nombre de réponses
Votre historique - résultats
Vous n’avez pas pris ce quiz